|
|
|
|
| LEADER |
01591nam a22004332a 4500 |
| 001 |
000111124 |
| 003 |
CZ BrMZK |
| 005 |
20211122111934.0 |
| 007 |
ta |
| 008 |
950101s1990 xr f cze d |
| 015 |
|
|
|a cnb000051359
|
| 020 |
|
|
|a 80-205-0107-X
|q (Brož.) :
|c Kčs 20,00
|
| 040 |
|
|
|a ABA001
|b cze
|d ABA001
|
| 041 |
1 |
|
|a cze
|h lat
|
| 080 |
9 |
|
|a 929Bacon,F.
|
| 080 |
9 |
|
|a 165
|
| 080 |
9 |
|
|a 167/168
|
| 080 |
9 |
|
|a 001
|
| 080 |
9 |
|
|a 113/119
|
| 100 |
1 |
|
|a Bacon, Francis,
|d 1561-1626
|7 jn20000600553
|4 aut
|
| 245 |
1 |
0 |
|a Nové organon /
|c Francis Bacon ; z lat. přel. Miroslav Zůna ; úvod M. Zůna, Milan Sobotka ; obálka a graf. úprava Václav Kučera
|
| 250 |
|
|
|a 2. vyd.
|
| 260 |
|
|
|a Praha :
|b Svoboda,
|c 1990
|
| 300 |
|
|
|a 224 s. ;
|c 19 cm
|
| 490 |
1 |
|
|a Filozofické dědictví
|
| 500 |
|
|
|a Frontispis
|
| 504 |
|
|
|a Obsahuje bibliografii
|
| 600 |
1 |
7 |
|a Bacon, Francis,
|d 1561-1626
|7 jn20000600553
|2 czenas
|
| 655 |
|
7 |
|a studie
|7 fd133597
|2 czenas
|
| 765 |
0 |
|
|t Novum organum
|9 Česky
|
| 700 |
1 |
|
|a Zůna, Miroslav,
|d 1926-
|7 jk01152860
|4 trl
|4 wfw
|
| 700 |
1 |
|
|a Sobotka, Milan,
|d 1927-2024
|7 jk01120262
|4 wfw
|
| 830 |
|
0 |
|a Filozofické dědictví
|0 s
|
| 856 |
4 |
1 |
|u http://www.digitalniknihovna.cz/mzk/uuid/uuid:14909f40-952f-11e2-9a08-005056827e52
|y Digitalizovan dokument
|
| 910 |
|
|
|a BOA001
|b 1-0966.195
|b PK-0114.810
|
| 920 |
|
|
|a 000025802
|
| 990 |
|
|
|a BK
|
| 996 |
6 |
|
|b 2610686610
|c 1-0966.195
|l MZK
|r Sklad / do 1 hodiny
|n 3
|p kup
|w 000111124
|u 000030
|a 1
|e BOA001
|j MZK50
|s P
|
| 996 |
7 |
|
|b 3119994641
|c PK-0114.810
|l MZK
|r Sklad / do 1 hodiny
|n 70
|w 000111124
|u 000020
|a 1
|e BOA001
|j MZK50
|s A
|